00412nam a2200109 i 4500001000300000245012300003260002100126040000800147041000800155008004100163856009800204bg 0aKodeks cywilny :baktualne teksty, omówienie zmian, skorowidz rzeczowy : stan prawny na dzień 31 sierpień 1992r. aWarszawa,c1992. cBPK apol s pl f |000 0 pol  uhttp://koha.tu.koszalin.pl/cgi-bin/koha/opac-detail.pl?biblionumber=29726yKatalog online BPK